Cities in the San Diego Metro Area on a Map - Statistics

General Stats
  • This quiz has been taken 387 times
  • The average score is 13 of 32
Answers on the Map
Answers color-coded by a green-red scale on the quiz's map according to % correct below.
 
Answer Stats
City Population % Correct
San Diego 1,386,972
99%
Chula Vista 275,499
89%
Oceanside 174,059
78%
Carlsbad 114,737
69%
Escondido 151,077
67%
El Cajon 106,187
61%
Coronado 20,196
55%
Imperial Beach 26,131
55%
National City 56,163
52%
Encinitas 62,001
50%
Vista 98,411
48%
Poway 48,836
47%
San Marcos 94,861
44%
Santee 60,047
42%
Del Mar 3,950
41%
La Mesa 61,118
41%
Solana Beach 12,940
34%
Camp Pendleton South 12,468
29%
Alpine 14,696
28%
Lemon Grove 27,631
28%
Ramona 21,468
28%
Fallbrook 32,267
24%
Bonita 12,917
22%
Lakeside 21,152
22%
Spring Valley 30,998
22%
Valley Center 10,087
21%
La Presa 35,033
17%
Rancho San Diego 21,858
17%
Bostonia 16,882
16%
Casa de Oro-Mount Helix 19,576
15%
San Diego Country Estates 10,395
15%
Winter Gardens 22,380
12%
No matching quizzes found
Score Distribution
Percent of People with Each Score
Percentile by Number Answered
Your Score History
You have not taken this quiz